Haltestellen der Berliner Straßenbahn - Statistiken

Allgemein
  • Dieses Quiz wurde 81 mal gespielt
    80 seit der letzten Aktualisierung
  • Das Durchschnittsergebnis liegt bei 82 aus 419
Antwortstatistiken
Haltestelle % Korrekt
S+U Hauptbahnhof
78%
Alexanderplatz
71%
S+U Alexanderplatz
71%
U Alexanderplatz
71%
Grünberger Straße/Warschauer Straße
62%
S Marzahn
62%
S+U Warschauer Straße
62%
S Warschauer Straße
62%
Kopernikusstraße/Warschauer Straße
60%
S+U Lichtenberg/Gudrunstraße
60%
S+U Lichtenberg/Siegfriedstraße
60%
Landsberger Allee/Petersburger Straße
58%
Landsberger Allee/Rhinstraße
58%
U Seestraße
58%
Greifswalder Straße/Danziger Straße
56%
Landsberger Allee/Weißenseer Weg
56%
S Landsberger Allee
56%
Greifswalder Straße/Ostseestraße
53%
Landsberger Allee/Blumberger Damm
53%
S Hackescher Markt
53%
U Eberswalder Straße
53%
U Turmstraße
53%
Prenzlauer Allee/Danziger Straße
51%
S Köpenick
51%
S+U Frankfurter Allee
51%
S+U Pankow
51%
Mollstraße/Prenzlauer Allee
49%
Prenzlauer Allee/Ostseestraße
49%
S Greifswalder Straße
49%
S Schöneweide
49%
S Schöneweide/Sterndamm
49%
Schönhauser Allee/Bornholmer Straße
47%
U Frankfurter Tor
47%
U Hellersdorf
47%
Allee der Kosmonauten/Rhinstraße
44%
Falkenberg
44%
Prenzlauer Allee/Metzer Straße
44%
S Prenzlauer Allee
44%
S+U Friedrichstraße
44%
U Bernauer Straße
44%
U Naturkundemuseum
44%
Ahrensfelde/Stadtgrenze
42%
Allee der Kosmonauten/Poelchaustraße
42%
S+U Schönhauser Allee
42%
Am Kupfergraben
40%
Kniprodestraße/Danziger Straße
40%
S Hohenschönhausen
40%
U Tierpark
40%
S Adlershof
38%
S Mahlsdorf
38%
S Nordbahnhof
38%
U Rosenthaler Platz
38%
Virchow-Klinikum
38%
Brunnenstraße/Invalidenstraße
36%
Alt-Friedrichsfelde/Rhinstraße
33%
Invalidenpark
33%
Möllendorffstraße/Storkower Straße
33%
Mollstraße/Otto-Braun-Straße
33%
Rhinstraße/Gärtnerstraße
33%
Rhinstraße/Plauener Straße
33%
S Bornholmer Straße
33%
S Karlshorst
33%
S Oranienburger Straße
33%
S Rummelsburg
33%
U Weinmeisterstraße/Gipsstraße
33%
Alt-Moabit/Rathenower Straße
31%
Hultschiner Damm/Seestraße
31%
Platz der Vereinten Nationen
31%
Seestraße/Amrumer Straße
31%
U Oranienburger Tor
31%
Betriebshof Marzahn
29%
Kriminalgericht Moabit
29%
Pasedagplatz
29%
S Friedrichsfelde Ost
29%
S Springpfuhl
29%
U Vinetastraße
29%
Antonplatz
27%
Lüneburger Straße
27%
Riesaer Straße/Louis-Lewin-Straße
27%
S Friedrichshagen
27%
U Osloer Straße
27%
Weißer See
27%
Bersarinplatz
24%
Betriebshof Lichtenberg
24%
Friedrich-Ludwig-Jahn-Sportpark
24%
Herzbergstraße/Industriegebiet
24%
Herzbergstraße/Siegfriedstraße
24%
Lesser-Ury-Weg
24%
Lübecker Straße
24%
Pankow Kirche
24%
Revaler Straße
24%
S Grünau
24%
Spandauer Straße/Marienkirche
24%
Wendenschloß
24%
Zossener Straße/Kastanienallee
24%
Alte Hellersdorfer Straße/Zossener Straße
22%
Alt-Marzahn
22%
Bürgerpark Marzahn
22%
Guyotstraße
22%
Heinersdorf
22%
Husemannstraße
22%
Osloer Straße/Prinzenallee
22%
Rahnsdorf/Waldschänke
22%
Rathaus Köpenick
22%
Riesaer Straße
22%
Roederplatz
22%
Schillerstraße
22%
U Rosa-Luxemburg-Platz
22%
Zingster Straße
22%
Zingster Straße/Ribnitzer Straße
22%
Alt-Schmöckwitz
20%
Anton-Saefkow-Platz
20%
Barnimplatz
20%
Freizeitforum Marzahn
20%
Gedenkstätte Berliner Mauer
20%
Gewerbepark Georg Knorr
20%
Landsberger Chaussee/Zossener Straße
20%
Loeperplatz
20%
Oderbruchstraße
20%
Pappelplatz
20%
Rathaus Pankow
20%
Rosenthal Nord
20%
Rummelsburger Straße/Edisonstraße
20%
Stendaler Straße/Zossener Straße
20%
Straßmannstraße
20%
Wolliner Straße
20%
Adersleber Weg
18%
Albertinenstraße
18%
Alte Försterei
18%
Am Steinberg
18%
Arnswalder Platz
18%
Betriebshof Indira-Gandhi-Straße
18%
Falkenberger Straße/Berliner Allee
18%
FEZ
18%
Freiheit
18%
Grabbeallee/Pastor-Niemöller-Platz
18%
Gustav-Adolf-Straße/Langhansstraße
18%
Helene-Weigel-Platz
18%
Hohenschönhauser Straße
18%
Holteistraße
18%
Kleingartenanlage Bielefeldt
18%
Marzahner Promenade
18%
Pastor-Niemöller-Platz
18%
Paul-Heyse-Straße
18%
Prerower Platz
18%
Rathaus Lichtenberg
18%
Schloßplatz Köpenick
18%
S Spindlersfeld
18%
Stahlheimer Straße/Wisbyer Straße
18%
Sterndamm/Königsheideweg
18%
Traveplatz
18%
Treskowallee/HTW
18%
Wilhelminenhofstraße/Edisonstraße
18%
Winsstraße
18%
Wuhletalstraße
18%
Zionskirchplatz
18%
Bahnhofstraße/Lindenstraße
16%
Bahnhofstraße/Seelenbinderstraße
16%
Berliner Allee/Rennbahnstraße
16%
Bernhard-Bästlein-Straße
16%
Betriebshof Köpenick
16%
Boschpoler Straße
16%
Dingelstädter Straße
16%
Evangelisches Krankenhaus KEH
16%
Gehrenseestraße
16%
Jan-Petersen-Straße
16%
Karl-Lade-Straße
16%
Krankenhaus Köpenick/Südseite
16%
Max-Herrmann-Straße
16%
Milastraße
16%
Monbijouplatz
16%
Rathenaustraße/HTW
16%
Schwedter Straße
16%
Siegfriedstraße/Josef-Orlopp-Straße
16%
Sportforum
16%
Traberweg
16%
Treskowallee/Ehrlichstraße
16%
Alfred-Kowalke-Straße
13%
Altenhofer Straße
13%
Am Friedrichshain
13%
Am Iderfenngraben
13%
Behaimstraße
13%
Björnsonstraße
13%
Brückenstraße
13%
Bürgerpark Pankow
13%
Büschingstraße
13%
Criegernweg
13%
Französisch Buchholz Kirche
13%
Friedrich-Engels-Straße/Eichenstraße
13%
Friesickestraße
13%
Genslerstraße
13%
Hauptstraße/Friedrich-Engels-Straße
13%
Hegemeisterweg
13%
Jessnerstraße
13%
Klinikum im Friedrichshain
13%
Marksburgstraße
13%
Marktstraße
13%
Masurenstraße
13%
Müggelheimer Straße/Wendenschloßstraße
13%
Niemegker Straße
13%
Osram-Höfe
13%
Pankower Straße
13%
Rahnsdorfer Straße
13%
Schönfließer Straße
13%
Stendaler Straße/Quedlinburger Straße
13%
Stiftsweg
13%
Volkspark Wuhlheide
13%
Wassersportallee
13%
Wühlischstraße/Gärtnerstraße
13%
Zechliner Straße
13%
Adlergestell/Vetschauer Allee
11%
Altes Wasserwerk
11%
Am Wasserturm
11%
Arendsweg
11%
Beilsteiner Straße
11%
Blockdammweg
11%
Brodowiner Ring
11%
Clara-Jaschke-Straße
11%
Dregerhoffstraße
11%
Galenusstraße
11%
Gounodstraße
11%
Grüntaler Straße
11%
Hannoversche Straße
11%
Hansastraße/Buschallee
11%
Hermann-Hesse-Straße/Waldstraße
11%
Hirtestraße
11%
Hufelandstraße
11%
Jenaer Straße
11%
Judith-Auer-Straße
11%
Karl-Ziegler-Straße
11%
Knaackstraße
11%
Köpenicker Chaussee/Blockdammweg
11%
Kuckhoffstraße
11%
Landschaftspark Johannisthal
11%
Mahlsdorf-Süd
11%
Marienburger Straße
11%
Meeraner Straße
11%
Michendorfer Straße
11%
Neue Bahnhofstraße
11%
Nordend
11%
Nossener Straße
11%
Schalkauer Straße
11%
Segewaldweg
11%
S Pankow-Heinersdorf
11%
Stadion Buschallee/Hansastraße
11%
Strandbad Grünau
11%
Tschaikowskistraße
11%
Zum Seeblick
11%
Zur Nachtheide
11%
Alt-Hohenschönhausen
9%
Alt-Mahlsdorf
9%
Angerweg
9%
Bammelecke
9%
Benno-König-Straße
9%
Betonwerk
9%
Buschallee
9%
Drontheimer Straße
9%
Erich-Weinert-Straße
9%
Fanningerstraße
9%
Firlstraße
9%
Forckenbeckplatz
9%
Freiaplatz
9%
Friedrich-Wolf-Straße
9%
Glienicker Straße
9%
Gotlindestraße
9%
Hansastraße/Malchower Weg
9%
Heinrich-Böll-Straße
9%
Humannplatz
9%
James-Hobrecht-Straße
9%
Janitzkystraße
9%
Köllnischer Platz
9%
Königsseestraße
9%
Lienhardweg
9%
Louise-Schroeder-Platz
9%
Lübbenauer Weg
9%
Magnusstraße
9%
Marienstraße/Pasewalker Straße
9%
Mayschweg
9%
Mendelstraße
9%
Mittelheide
9%
Müggelbergallee
9%
Nordendstraße
9%
Pablo-Neruda-Straße
9%
Prendener Straße
9%
Proskauer Straße
9%
Raumerstraße
9%
Regattastraße/Sportpromenade
9%
Richtershorn
9%
Roseggerstraße
9%
Rosenthaler Straße
9%
Rosenweg
9%
Schappachstraße
9%
Simplonstraße
9%
Stargarder Straße
9%
Stechlinstraße
9%
Stühlinger Straße
9%
Thomas-Mann-Straße
9%
Unter den Birken
9%
Vollkropfgraben
9%
Waldemarstraße
9%
Walther-Nernst-Straße
9%
Welsestraße
9%
Wiesenwinkel
9%
Ahornallee
7%
Ahrenshooper Straße
7%
Anna-Ebermann-Straße
7%
Arnimstraße
7%
Arnouxstraße
7%
Bellevuestraße
7%
Bruno-Wille-Straße
7%
Bütower Straße
7%
Eichenhofweg
7%
Gerhard-Sedlmayr-Straße
7%
Guntherstraße
7%
Gustav-Holzmann-Straße
7%
Heinersdorf Kirche
7%
Heizkraftwerk Klingenberg
7%
Hirschgartendreieck
7%
Johannisthal Kirche
7%
Kosanke-Siedlung
7%
Landfliegerstraße
7%
Ledebourstraße
7%
Libauer Straße
7%
Marktplatz Adlershof
7%
Memhardstraße
7%
Navarraplatz
7%
Nieberstraße
7%
Niederbarnimstraße
7%
Nixenstraße
7%
Oberseestraße
7%
Ostendstraße
7%
Pasewalker Straße/Blankenburger Weg
7%
Prenzlauer Promenade
7%
Rüdickenstraße
7%
Sandinostraße
7%
Scheffelstraße
7%
Simon-Bolivar-Straße
7%
Spindlersfelder Straße
7%
Strandbad Müggelsee
7%
Sulzfelder Straße
7%
Wassersportzentrum
7%
Wasserwerk Friedrichshagen
7%
Werneuchener Straße
7%
Wilhelmsmühlenweg
7%
Wismarplatz
7%
Wongrowitzer Steig
7%
Würtzstraße
7%
Am Faulen See
4%
Blankenfelder Straße
4%
Brandenburgplatz
4%
Bruchsaler Straße
4%
Degnerstraße/Suermondtstraße
4%
Drachholzstraße
4%
Erich-Baron-Weg
4%
Feldtmannstraße
4%
Freienwalder Straße
4%
Fröbelstraße
4%
Fürstenwalder Damm
4%
Fürstenwalder Damm/Müggelseedamm
4%
Gelnitzstraße
4%
Giersstraße
4%
Haeckelstraße
4%
Hartlebenstraße
4%
Herweghstraße
4%
Josef-Nawrocki-Straße
4%
Licht- und Luftbad Müggelsee
4%
Marktplatz Friedrichshagen
4%
Müggelseedamm/Bölschestraße
4%
Mühlbergstraße
4%
Mühlweg
4%
Orankestrand
4%
Ottomar-Geschke-Straße
4%
Pietschkerstraße
4%
Pritstabelstraße
4%
Regattatribünen
4%
Rothenbachstraße
4%
Spreestraße
4%
Tino-Schwierzina-Straße
4%
Wassermannstraße
4%
Weiskopffstraße
4%
Westendsiedlung
4%
Keine übereinstimmenden Quizze gefunden
Verteilung der Resultate
Anzahl Personen mit jedem Resultat
Perzentil nach korrekt beantworteten Fragen
Ihre Resultats-Entwicklung
Sie haben dieses Quiz seit der letzten Aktualisierung nicht gespielt